000
00324nam a2200145Ia 4500
100
_a
Peters/james f
942
_c
BK
654
_a
software engineering
245
_a
Software Engineeing:An Engineering approach
260
_b
John Wiley
_c
2004
082
_a
5.1
_b
PET
300
_a
702
546
_a
ENGLISH
999
_c
33249
_d
33249